000
00291nam a2200109Ia 4500
008
220204s9999 xx 000 0 und d
082
_a
373.6(035)
_b
PAU
100
_a
Pautler, A J
245
0
_a
Shop and laboratory instructors handbook
260
_a
Boston
_b
Allyn and Bacon
_c
1978
942
_c
BK
999
_c
34458
_d
34458